Leylim Leylim (Record no. 1354)

MARC details
000 -BAŞLIK
Sabit Uzunlukta Kontrol Alanı 00845na a2200265 4500
001 - KONTROL NUMARASI
Denetim Alanı 14226
003 - KONTROL NUMARASI IDENTIFIER
Denetim Alanı MIRAKIL
005 - SON İŞLEM TARİHİ VE ZAMANI
Denetim Alanı 20181213154820.0
008 - SABİT-BOY VERİ ELEMANLARI - GENEL BİLGİLER
Sabit Uzunlukta Kontrol Alanı 161102b tu 000 0
020 ## - ULUSLARARASI STANDART KİTAP NUMARASI
Uluslararası Standart Kitap Numarası 9786053609308
035 ## - SİSTEM KONTROL NUMARASI
Sistem Kontrol Numarası 14226
040 ## - KATALOGLAMA KAYNAK
Orijinal Kataloglama Ajansı Milas
Kataloglama Dili tur
Metne Dönüştürmek Ajansı TR-AnCHP
041 ## - DİL KODU
Metin / Ses Parça Veya Ayrı Başlığın Dil Kodu tur
082 ## - DEWEY ONLU SINIFLANDIRMA NUMARASI
Sınıflandırma Numarası 816.42
Ürün Numarası A65l 2013
090 ## - SINIFLAMA NUMARASI
Sınıflama Numarası 816.42 A65l 2013
100 ## - ANA GİRİŞ - KİŞİSEL İSİM
Kişisel Ad Arif, Ahmet
245 ## - BAŞLIK TABLOSU
Başlık Leylim Leylim
Başlığın Kalan Ahmed Arif'ten Leyla Erbil'e mektuplar : 1954-1959 ve 1977'de son bir mektup
Sorumluluk Tablosu, Vb editör: Ruken Kızıler
246 ## - UNVAN FORM VARYING
Başlık Doğru / Kısa Başlığı Ahmed Arif'ten Leyla Erbil'e mektuplar : 1954-1959 ve 1977'de son bir mektup
250 ## - EDITION TABLOSU
Baskı Beyanı 9.bs.
260 ## - YAYIN, DAĞITIM, VB
Yayın, Dağıtım, Vb Yeri İstanbul
Yayıncı, Dağıtıcı, Vs Adı Türkiye iş bankası kültür yayınları
Yayın, Dağıtım, Vb Tarihi 2013
300 ## - FİZİKSEL TANIM
Kapsam xxii, 208 s.
Diğer Fiziksel Ayrıntıları fotg.
Boyutlar 21 sm.
650 ## - KONU KATMA GİRİŞ - TOPİKAL DÖNEM
Topikal Süreli Veya Coğrafi Ad Giriş Elemanı Türk edebiyatı
Genel Alt Bölümü Mektup
700 ## - KATMA GİRİŞ - KİŞİSEL İSİM
Kişisel Ad Kızıler, Ruken
942 ## - EKLENDİ GİRİŞ ELEMANLARI (KOHA)
Sınıflandırma Veya Raf Düzeni Kaynak
Koha Öğesi Türü Books
999 ## - SİSTEM KONTROL NUMARALARI (KOHA)
Koha Biblionumber 1354
Koha Biblioitemnumber 1354
Holdings
Kalıcı Konum Mevcut Konum Edinme Tarihi Edinim Kaynak Toplam Check-Out'Lar Tam Çağrı Numarası Barkod Tarih Son Görülme İtibaren Geçerli Fiyatlar Koha Öğesi Türü
CHP Kütüphanesi CHP Kütüphanesi 08/25/2016 Bağış   816.42 A65l 2013 001070 08/25/2016 08/25/2016 Books